Natural rubber: Three decades of research and development in India (Record no. 52735)

MARC details
000 -LEADER
fixed length control field 00397nam a2200121Ia 4500
100 ## - MAIN ENTRY--AUTHOR NAME
Personal name Nair V.K.G.
245 #0 - TITLE STATEMENT
Title Natural rubber: Three decades of research and development in India
260 ## - PUBLICATION, DISTRIBUTION, ETC. (IMPRINT)
Name of publisher Rubber Research Institute of India, Rubber Board, Kottayam, India, 118 p.
Year of publication 1983
650 ## - SUBJECT ADDED ENTRY--TOPICAL TERM
Topical Term Bibliography
650 ## - SUBJECT ADDED ENTRY--TOPICAL TERM
Topical Term Rubber literature
942 ## - ADDED ENTRY ELEMENTS (KOHA)
Koha item type Bibliography STAF
Holdings
Withdrawn status Lost status Damaged status Not for loan Home library Current library Date acquired Koha item type
      Bibliography RRII Library RRII Library 09/04/2014 Bibliography STAF